ბათუმის შოთა რუსთაველის სახელმწიფო უნივერსიტეტის ბიბლიოთეკა

Справочник по погрузочно-разгрузочным работам на строительстве. (ბიბ.ჩანაწერი № 37343)

000 -LEADER
fixed length control field 00744nam a2200193Ia 4500
001 - CONTROL NUMBER
control field 3302
003 - CONTROL NUMBER IDENTIFIER
control field GE_BSU
008 - FIXED-LENGTH DATA ELEMENTS--GENERAL INFORMATION
fixed length control field 181216s||||||||xx |||||||||||||| ||und||
040 ## - CATALOGING SOURCE
Transcribing agency GE_BSU
100 ## - MAIN ENTRY--PERSONAL NAME
Personal name Гельман,А.С. Гриневич,Г.П. Гриневич,Г.Г.и др.
245 ## - TITLE STATEMENT
Title Справочник по погрузочно-разгрузочным работам на строительстве.
245 ## - TITLE STATEMENT
Statement of responsibility, etc. Под ред. Г.П.Гриневичa.
260 ## - PUBLICATION, DISTRIBUTION, ETC.
Place of publication, distribution, etc. М.
260 ## - PUBLICATION, DISTRIBUTION, ETC.
Name of publisher, distributor, etc. Госстройиздат.
260 ## - PUBLICATION, DISTRIBUTION, ETC.
Date of publication, distribution, etc. 1962.
300 ## - PHYSICAL DESCRIPTION
Extent 367 стр. с илл. 20 см.
653 ## - INDEX TERM--UNCONTROLLED
Uncontrolled term Справочник по погрузочно-разгрузочным работам на строительстве.
942 ## - ADDED ENTRY ELEMENTS (KOHA)
Koha item type წიგნი
ეგზემპლარები
Withdrawn status Lost status Damaged status Not for loan Date acquired Barcode Date last seen Price effective from Koha item type Public note
        2018-12-17 9833 2018-12-17 2018-12-17 წიგნი დარბაზი